| 000 | 01047nam a22002777a 4500 | ||
|---|---|---|---|
| 001 | 0000000104 | ||
| 003 | PPM | ||
| 005 | 20260306091245.0 | ||
| 008 | 260306b ||||| |||| 00| 0 eng d | ||
| 020 |
_a0716705672 _qHardback |
||
| 035 | _a0000000104 | ||
| 040 |
_bEng _cPusat Penyelidikan Mineral, Jabatan Mineral Dan Geosains Malaysia _dPPM _eRDA |
||
| 082 | 1 | 0 |
_219 _a301.32 _bEHR 1977 |
| 100 | 1 |
_aEhrlich, Paul R. _eauthor |
|
| 245 | 1 | 0 |
_aEcoscience : Population, Resources, Environment / _cby Paul R. Ehrlich, Anne H. Ehrlich, John P. Holdren |
| 260 | 1 |
_aSan Francisco : _b W. H. Freeman & Company , _c1977 |
|
| 300 | 0 | 0 |
_a xv, 1051 p.: _bgraph, maps, illustrations .; _c24 cm |
| 500 | _aFirst-2d ed. published under title: Population, resources, environment. | ||
| 504 | _aIncludes bibliographical references and indexes (p.:1005 - 1051) | ||
| 650 | 1 | 0 | _aPopulation |
| 650 | 1 | 0 | _aPollution. |
| 650 | 1 | 0 | _aHuman Ecology |
| 700 | 1 |
_aEhrlich, Anne H., _ejoint author. |
|
| 700 | 1 |
_aHoldren, John P., _ejoint author. |
|
| 942 |
_2ddc _cBK |
||
| 999 |
_c27165 _d27165 |
||